Essai de caractérisation des eaux souterraines de la plaine de Beni-Slimane (wilaya de Médéa) (notice nᵒ 1398)
[ vue normale ]
| 000 -LEADER | |
|---|---|
| fixed length control field | 00904nam a2200241Ia 4500 |
| 008 - FIXED-LENGTH DATA ELEMENTS--GENERAL INFORMATION | |
| fixed length control field | 160105s9999 xx 000 0 und d |
| 041 ## - LANGUAGE CODE | |
| Language code of text/sound track or separate title | fre |
| 041 ## - LANGUAGE CODE | |
| Language code of summary or abstract/overprinted title or subtitle | fre/eng/ara |
| 100 ## - MAIN ENTRY--PERSONAL NAME | |
| Personal name | HASSANI, Farida |
| 245 ## - TITLE STATEMENT | |
| Title | Essai de caractérisation des eaux souterraines de la plaine de Beni-Slimane (wilaya de Médéa) |
| 260 ## - PUBLICATION, DISTRIBUTION, ETC. | |
| Date of publication, distribution, etc | 1994 |
| 300 ## - PHYSICAL DESCRIPTION | |
| Other physical details | ill., 9 tabl., 13 graph., 31 réf. |
| 500 ## - GENERAL NOTE | |
| General note | Cotes d'origine affectées par la BC IA 1364 78/A-B deviennent SS_TH 300/A- |
| 502 ## - DISSERTATION NOTE | |
| Dissertation note | Mém.- Ing. : Agron. |
| 502 ## - DISSERTATION NOTE | |
| -- | Ingénieur |
| 502 ## - DISSERTATION NOTE | |
| -- | INA : Département de sciences du sol |
| 502 ## - DISSERTATION NOTE | |
| -- | 1994 |
| 653 ## - INDEX TERM--UNCONTROLLED | |
| Uncontrolled term | ANALYSE STATISTIQUE/ BENI SLIMANE/ MEDEA |
| 654 ## - SUBJECT ADDED ENTRY--FACETED TOPICAL TERM | |
| General subdivision | PHYSIOGRAPHIE/GEOLOGIE/HYDROLOGIE/EAU SOUTERRAINE/PROPRIETE PHYSICOCHIMIQUE/PLAINE/EAU POTABLE/IRRIGATION/QUALITE DE L'EAU/SALINITE/CONCENTRATION/ALGERIE |
| 942 ## - ADDED ENTRY ELEMENTS (KOHA) | |
| Koha item type | Thèse - Mémoire |
| 994 ## - | |
| -- | 101403 |
| Withdrawn status | Lost status | Damaged status | Use restrictions | Not for loan | Home library | Current library | Cost, normal purchase price | Shelving control number | Total Checkouts | Total Renewals | Total Holds | Full call number | Barcode | Cost, replacement price | Koha item type |
|---|---|---|---|---|---|---|---|---|---|---|---|---|---|---|---|
| Bibliothèque Centrale | Bibliothèque Centrale | 0.00 | IA 1364 78/B | IA 1364 78/B | 0.00 | Thèse - Mémoire | |||||||||
| Département de Sciences du Sol | Département de Sciences du Sol | 0.00 | SS_TH 300/A | SS_TH 300/A | 0.00 | Thèse - Mémoire | |||||||||
| Département de Sciences du Sol | Département de Sciences du Sol | 0.00 | SS_TH 300/B | SS_TH 300/B | 0.00 | Thèse - Mémoire |